Amsprop Trading Ltd v Harris Distribution Ltd and another (Record no. 49779)
[ view plain ]
| 000 -LEADER | |
|---|---|
| fixed length control field | 01816cab a2200277 4500 |
| 001 - CONTROL NUMBER | |
| control field | ABS57164 |
| 008 - FIXED-LENGTH DATA ELEMENTS--GENERAL INFORMATION | |
| fixed length control field | 090401t1997 xxu||||| |||| 00| 0 eng d |
| 035 ## - SYSTEM CONTROL NUMBER | |
| System control number | (Sirsi) u79188 |
| 041 ## - LANGUAGE CODE | |
| Language code of text/sound track or separate title | eng |
| 245 ## - TITLE STATEMENT | |
| Title | Amsprop Trading Ltd v Harris Distribution Ltd and another |
| 260 ## - PUBLICATION, DISTRIBUTION, ETC. | |
| Date of publication, distribution, etc. | 1997 |
| 350 ## - PRICE (NR) (BK AM CF MU VM SE) [OBSOLETE] | |
| Price | 0 |
| 490 ## - SERIES STATEMENT | |
| Series statement | All England Law Reports |
| Volume/sequential designation | [1997] 2 All ER 990-1001(12) |
| 520 ## - SUMMARY, ETC. | |
| Summary, etc. | Chd 7 November 1996. K was granted a lease of a warehouse, whose reversion was later transfered to X. K granted an underlease to the first defendants, H, under which H covenanted with the landlords to keep the premises in good repair. In 1993 H assigned the underlease to the second defendant, T, and also in 1993 the plaintiff, Z, acquired the reversion of the headlease. In February 1996 Z served notice on T requiring them to carry out certain repairs, however one month later T vacated the premises, surrendering the underlease, and Z forfeited the headlease. Z commenced proceedings against H and T seeking a declaration that they were liable to pay for the repairs. A preliminary issue was tried as to whether Z was entitled to enforce the covenants against the defendants. It was held that Z was not entitled to enforce these as the Law of Property Act 1925 s56(1) did not operate to confer the benefit of a covenant on a party who was not within the ambit of the identified covenantee. |
| 650 ## - SUBJECT ADDED ENTRY--TOPICAL TERM | |
| Topical term or geographic name entry element | AMSPROP TRADING LTD V HARRIS DISTRIBUTION LTD AND ANOTHER |
| 650 ## - SUBJECT ADDED ENTRY--TOPICAL TERM | |
| Topical term or geographic name entry element | ASSIGNMENT OF LEASES |
| 650 ## - SUBJECT ADDED ENTRY--TOPICAL TERM | |
| Topical term or geographic name entry element | COVENANTS |
| 650 ## - SUBJECT ADDED ENTRY--TOPICAL TERM | |
| Topical term or geographic name entry element | Dilapidations |
| 9 (RLIN) | 6235 |
| 650 ## - SUBJECT ADDED ENTRY--TOPICAL TERM | |
| Topical term or geographic name entry element | ENFORCEMENT OF COVENANTS |
| 650 ## - SUBJECT ADDED ENTRY--TOPICAL TERM | |
| Topical term or geographic name entry element | LAW OF PROPERTY ACT 1925 S56(1) |
| 650 ## - SUBJECT ADDED ENTRY--TOPICAL TERM | |
| Topical term or geographic name entry element | REPAIR COVENANTS |
| 650 ## - SUBJECT ADDED ENTRY--TOPICAL TERM | |
| Topical term or geographic name entry element | REVERSION OF HEADLEASE |
| 690 ## - LOCAL SUBJECT ADDED ENTRY--TOPICAL TERM (OCLC, RLIN) | |
| Topical term or geographic name as entry element | LANDLORD AND TENANT-CASE LAW-BUSINESS TENANCIES |
| 942 ## - ADDED ENTRY ELEMENTS (KOHA) | |
| Suppress in OPAC | 0 |
| 948 ## - LOCAL PROCESSING INFORMATION (OCLC); SERIES PART DESIGNATOR (RLIN) | |
| c (OCLC) | 25/06/1997 |
| Withdrawn status | Lost status | Source of classification or shelving scheme | Damaged status | Not for loan | Home library | Current library | Shelving location | Date acquired | Total Checkouts | Full call number | Barcode | Date last seen | Copy number | Price effective from | Koha item type |
|---|---|---|---|---|---|---|---|---|---|---|---|---|---|---|---|
| Dewey Decimal Classification | London | London | Journal article | 14/09/1999 | ABS57164 | 79188-1001 | 06/08/2019 | 1 | 06/08/2019 | Law report |